| 000 | 00891nam a2200277 i 4500 | ||
|---|---|---|---|
| 003 | DO-SdBNP | ||
| 005 | 20240529132238.0 | ||
| 006 | a||||gr|||| 00| 0 | ||
| 007 | ta | ||
| 008 | 240513e2022 dr ac||| |||| 00| p spa d | ||
| 020 | _a9798860318342 | ||
| 040 |
_aDO-SdBNP _bspa _cBNPHU _erda |
||
| 082 | 4 |
_222 _bD331p |
|
| 100 | 1 |
_aOrbe, Antonio del, _d1964 _985457 _eautor |
|
| 245 | 1 | 0 |
_aPeonías / _cAntonio del Orbe. |
| 264 |
_aSanto Domingo : _b[no identificado], _c2022 |
||
| 300 |
_a59 páginas : _bilustraciones, retrato ; _c23 cm. |
||
| 336 |
_2rdacontent _atexto _btxt |
||
| 337 |
_2rdamedia _asin mediación _bn |
||
| 338 |
_2rdacarrier _avolumen _bnc |
||
| 500 | _aIncluye datos biográficos del autor en la página 55 y en la contraportada. | ||
| 590 | _aInventariado 2024 / MF | ||
| 650 | 4 |
_aLiteratura dominicana. _967 |
|
| 650 | 0 |
_aPoesía dominicana _978060 |
|
| 942 |
_2ddc _cLBS1 |
||
| 999 |
_c56653 _d56653 |
||